<?xml version="1.0" encoding="UTF-8"?><?xml-stylesheet type="text/xsl" href="static/style.xsl"?><OAI-PMH xmlns="http://www.openarchives.org/OAI/2.0/" xmlns:xsi="http://www.w3.org/2001/XMLSchema-instance" xsi:schemaLocation="http://www.openarchives.org/OAI/2.0/ http://www.openarchives.org/OAI/2.0/OAI-PMH.xsd"><responseDate>2026-04-17T08:23:24Z</responseDate><request verb="GetRecord" identifier="oai:riubu.ubu.es:10259/11488" metadataPrefix="marc">https://riubu.ubu.es/oai/request</request><GetRecord><record><header><identifier>oai:riubu.ubu.es:10259/11488</identifier><datestamp>2026-03-24T01:05:47Z</datestamp><setSpec>com_10259_4313</setSpec><setSpec>com_10259_5086</setSpec><setSpec>com_10259_2604</setSpec><setSpec>col_10259_4314</setSpec></header><metadata><record xmlns="http://www.loc.gov/MARC21/slim" xmlns:doc="http://www.lyncode.com/xoai" xmlns:xsi="http://www.w3.org/2001/XMLSchema-instance" xmlns:dcterms="http://purl.org/dc/terms/" xsi:schemaLocation="http://www.loc.gov/MARC21/slim http://www.loc.gov/standards/marcxml/schema/MARC21slim.xsd">
<leader>00925njm 22002777a 4500</leader>
<datafield tag="042" ind1=" " ind2=" ">
<subfield code="a">dc</subfield>
</datafield>
<datafield tag="720" ind1=" " ind2=" ">
<subfield code="a">Sedano Labrador, Carlos</subfield>
<subfield code="e">author</subfield>
</datafield>
<datafield tag="720" ind1=" " ind2=" ">
<subfield code="a">Herrero, Manuel</subfield>
<subfield code="e">author</subfield>
</datafield>
<datafield tag="720" ind1=" " ind2=" ">
<subfield code="a">Trigo López, Miriam</subfield>
<subfield code="e">author</subfield>
</datafield>
<datafield tag="720" ind1=" " ind2=" ">
<subfield code="a">Rodríguez Pérez, Miguel Ángel .</subfield>
<subfield code="e">author</subfield>
</datafield>
<datafield tag="720" ind1=" " ind2=" ">
<subfield code="a">Merino, Juan Carlos</subfield>
<subfield code="e">author</subfield>
</datafield>
<datafield tag="720" ind1=" " ind2=" ">
<subfield code="a">García Pérez, José Miguel</subfield>
<subfield code="e">author</subfield>
</datafield>
<datafield tag="720" ind1=" " ind2=" ">
<subfield code="a">Vallejos Calzada, Saúl</subfield>
<subfield code="e">author</subfield>
</datafield>
<datafield tag="720" ind1=" " ind2=" ">
<subfield code="a">Núñez-Carrero, Karina C.</subfield>
<subfield code="e">author</subfield>
</datafield>
<datafield tag="260" ind1=" " ind2=" ">
<subfield code="c">2026-01</subfield>
</datafield>
<datafield tag="520" ind1=" " ind2=" ">
<subfield code="a">Multilayer plastic packaging offers essential barrier and mechanical properties for food preservation, but its complex structure prevents effective recycling. Here, we report a light-responsive thermoplastic adhesive designed to enable on-demand separation of polymer layers in multilayer packaging. The adhesive adopts a triblock architecture with terminal blocks compatible with polyethylene (PE) and polyamide (PA), and a central segment functionalised with coumarin-based photoremovable groups. Upon ultraviolet (UV) exposure, the adhesive undergoes complete molecular breakdown, triggering clean delamination without solvents or mechanical force. Fabricated PE – photosensitive adhesive – PA films demonstrated superior adhesion performance compared to a commercial benchmark during service life, and efficient separation upon irradiation, as confirmed by Fourier transform infrared (FTIR) spectroscopy, microscopy, and T-peel testing. Life cycle assessment revealed that, while the laboratory-scale synthesis has higher environmental costs, the impact is offset after a single reuse cycle in projected industrial conditions, reaching up to 80% reduction after six cycles. This approach provides a scalable strategy to reconcile performance and recyclability in multilayer packaging.</subfield>
</datafield>
<datafield tag="024" ind2=" " ind1="8">
<subfield code="a">2662-4443</subfield>
</datafield>
<datafield tag="024" ind2=" " ind1="8">
<subfield code="a">https://hdl.handle.net/10259/11488</subfield>
</datafield>
<datafield tag="024" ind2=" " ind1="8">
<subfield code="a">10.1038/s43246-025-01040-6</subfield>
</datafield>
<datafield tag="024" ind2=" " ind1="8">
<subfield code="a">2662-4443</subfield>
</datafield>
<datafield tag="245" ind1="0" ind2="0">
<subfield code="a">Coumarin-inspired light-responsive thermoplastic adhesives for recyclable multilayer packaging</subfield>
</datafield>
</record></metadata></record></GetRecord></OAI-PMH>